HCHS HAAP Drama Vocabulary Quiz Stats

 Plays Quiz not verified by Sporcle

Challenge
Share
Tweet
Embed
Score 0/30 Timer 10:00
0 Plays Today
% Correct
climax
80%
protagonist
78.3%
Jo-Ha-Kyu
76.7%
deus ex machina
75%
Globe theater
73.3%
Saint Play
73.3%
Stock characters
73.3%
moral
73.3%
Passion Play
71.7%
Kabuki
71.7%
36 dramatic situations
70%
preliminary situation
70%
theme
70%
Pit
68.3%
commedia dell'arte
68.3%
% Correct
Heavens
66.7%
atmosphere
66.7%
soliloquy
66.7%
Closet dramas
65%
dynamic
65%
pageant wagon
63.3%
Folk Dramas
63.3%
Groundlings
63.3%
Bunraku
63.3%
Morality plays
61.7%
mood
60%
monologue
60%
Humors
58.3%
Pathos
53.3%
Mystery Play
48.3%

You're not logged in!

Compare scores with friends on all Sporcle quizzes.
OR
Log In

You Might Also Like...

Show Comments

Extras

Top Quizzes Today


Score Distribution

Your Account Isn't Verified!

In order to create a playlist on Sporcle, you need to verify the email address you used during registration. Go to your Sporcle Settings to finish the process.

Report this User

Report this user for behavior that violates our Community Guidelines.

Details: